| 000 | 00653nam a2200181 a 4500 | ||
|---|---|---|---|
| 001 | 000029125 | ||
| 005 | 20200930055340.0 | ||
| 008 | 110413s2005 dr 000 0 spa d | ||
| 040 |
_aDO-SdBNP _bspa _cBNPHU |
||
| 110 | 2 |
_aCentro Nacional de Investigaciones en Salud Materno Infantil _955757 |
|
| 245 | 0 | 0 |
_aMortalidad materna. ¿Una problemática en aumento en la República Dominicana? / _cEditor Jeannette Báez Tellería. |
| 260 |
_aSanto Domingo : _bCENISMI, _c2005. |
||
| 300 |
_a23 p. ; _c28 cm. |
||
| 490 | 1 |
_aReuniones técnicas _v11 |
|
| 700 | 1 |
_aBáez Tellería, Jeannette _eed. _956035 |
|
| 830 | 0 |
_aReuniones técnicas _955759 |
|
| 049 | _aBNPD | ||
| 999 |
_c28617 _d28617 |
||